| 000 | 00584nam a22001937a 4500 | ||
|---|---|---|---|
| 005 | 20260416152642.0 | ||
| 008 | 260416b |||||||| |||| 00| 0 eng d | ||
| 020 | _a9789356961951 | ||
| 050 |
_aRC 684 .58 2024 _bC.1 |
||
| 100 | _aVISWANATHAN K NEELAKANTAN | ||
| 245 | _aKNV'S MANUAL OF CARDIORESPIRATORY | ||
| 250 | _a1ST | ||
| 260 |
_a NEW DELHI _bJAYPEE BROTHERS MEDICAL _c2024 |
||
| 300 | _a350P | ||
| 500 | _aINCLUDES INDEX | ||
| 650 | _aCARDIOPULMONARY SYSTEM -DISEASES , CARDIOVASCULAR SYSTEM | ||
| 700 | _aGOPALAN SOWMYA ,MURTHY JSN ,HARIHARAN RS | ||
| 942 |
_2lcc _cBK |
||
| 999 |
_c216991 _d216991 |
||